London activity still slowing (Record no. 118447)

MARC details
000 -LEADER
fixed length control field 01112cam a2200229 4500
001 - CONTROL NUMBER
control field WB@3612-473
008 - FIXED-LENGTH DATA ELEMENTS--GENERAL INFORMATION
fixed length control field 041215n2004 000 0 eng u
035 ## - SYSTEM CONTROL NUMBER
System control number (Sirsi) u128305
245 ## - TITLE STATEMENT
Title London activity still slowing
260 ## - PUBLICATION, DISTRIBUTION, ETC.
Place of publication, distribution, etc. c2004
490 ## - SERIES STATEMENT
Series statement Hometrack Press Release
Volume/sequential designation November 2004 (8)
520 ## - SUMMARY, ETC.
Summary, etc. "Hometrack's monthly London survey: November 2004" reveals an average house price fall of -0.9%. This is the fifth consecutive month that house prices in London have fallen, with the average London price now standing at £266 400. The average time taken to sell a property has increased to 6.5 weeks. November 2004 saw 32 boroughs recording house price falls, with only Greenwich remaining static. The worst performing borough was the City of London (-2.0%). The full report is available on the website. http://www.hometrack.co.uk/
590 ## - LOCAL NOTE (RLIN)
Local note WB
590 ## - LOCAL NOTE (RLIN)
Local note WB
650 ## - SUBJECT ADDED ENTRY--TOPICAL TERM
Topical term or geographic name entry element HOUSE PRICE INFLATION
650 ## - SUBJECT ADDED ENTRY--TOPICAL TERM
Topical term or geographic name entry element INTEREST RATES
650 ## - SUBJECT ADDED ENTRY--TOPICAL TERM
Topical term or geographic name entry element HOUSING-MARKET
650 ## - SUBJECT ADDED ENTRY--TOPICAL TERM
Topical term or geographic name entry element HOMEBUYING
650 ## - SUBJECT ADDED ENTRY--TOPICAL TERM
Topical term or geographic name entry element HOMETRACK.CO.UK HOUSE PRICE INDEX
690 ## - LOCAL SUBJECT ADDED ENTRY--TOPICAL TERM (OCLC, RLIN)
Topical term or geographic name as entry element HOUSING-HOUSE PRICES
942 ## - ADDED ENTRY ELEMENTS (KOHA)
Suppress in OPAC 0
Holdings
Withdrawn status Lost status Source of classification or shelving scheme Damaged status Not for loan Home library Current library Shelving location Date acquired Total Checkouts Full call number Barcode Date last seen Copy number Price effective from Koha item type
    Other/Generic Classification Scheme     London London News article 15/12/2004   WB@3612-473 128305-1001 06/08/2019 1 06/08/2019 News article